Pears cyclopaedia : 1984-85 : (Record no. 9669)
[ view plain ]
| 000 -LEADER | |
|---|---|
| fixed length control field | 00730cas a22002413 4500 |
| 001 - CONTROL NUMBER | |
| JCCL Control Number | 9669 |
| 003 - CONTROL NUMBER IDENTIFIER | |
| JCCL marc code | BD-JhCC |
| 005 - DATE AND TIME OF LATEST TRANSACTION | |
| control field | 20180326121332.0 |
| 008 - FIXED-LENGTH DATA ELEMENTS--GENERAL INFORMATION | |
| fixed length control field | 180321d18971984enkar p 0 0eng |
| 035 ## - SYSTEM CONTROL NUMBER | |
| system control number | (BD-JhCC)9669 |
| 040 ## - CATALOGING SOURCE | |
| Original cataloging agency | DLC |
| Transcribing agency | CarP |
| Modifying agency | DLC |
| -- | BD-JhCC |
| 041 ## - LANGUAGE CODE | |
| Language code of Book | eng |
| 050 00 - LIBRARY OF CONGRESS CALL NUMBER | |
| Classification number | AY756 |
| Item number | .P4 |
| 082 ## - DEWEY DECIMAL CLASSIFICATION NUMBER | |
| Author mark and Year | PEA 1984 |
| Classification number | 032.02 |
| 245 00 - TITLE STATEMENT | |
| Title | Pears cyclopaedia : 1984-85 : |
| Remainder of title | a book of background information and reference for everyday use / |
| Statement of responsibility, etc | edited by Christopher Cook |
| 250 ## - EDITION STATEMENT | |
| Edition statement | 93 |
| 260 ## - PUBLICATION, DISTRIBUTION, ETC. (IMPRINT) | |
| Place of publication, distribution, etc | Isleworth : |
| Name of publisher, distributor, etc | A. & F. Pears, |
| Date of publication, distribution, etc | 1974. |
| 300 ## - PHYSICAL DESCRIPTION | |
| Pagination | v. p. : |
| Other physical details | col. maps. |
| Dimensions | 21 cm. |
| 650 #0 - SUBJECT ADDED ENTRY--TOPICAL TERM | |
| Topical term or geographic name as entry element | Encyclopedias and dictionaries. |
| 700 ## - ADDED ENTRY--PERSONAL NAME | |
| Personal name | Cook Christopher |
| 942 ## - ADDED ENTRY ELEMENTS (KOHA) | |
| Source of classification or shelving scheme | Dewey Decimal Classification |
| Koha item type | Books |
| Source of classification or shelving scheme | Damaged status | Not for loan | Home library | Current library | Shelving location | Total Checkouts | Full call number | Barcode | Date last seen | Copy number | Koha item type |
|---|---|---|---|---|---|---|---|---|---|---|---|
| Dewey Decimal Classification | JCC Rouf Library | JCC Rouf Library | General Stacks | 032.02 PEA 1984 | 12752 | 03/21/2018 | C - 1 | Books |